[Event "Wch Seniors 23rd 2013"]
[Site "Opatija"]
[Date "2013.11.12"]
[Round "1.1"]
[White "Zhelesny, Stanislav"]
[Black "Vaisser, Anatoly"]
[Result "0-1"]
[WhiteElo "2109"]
[BlackElo "2523"]
[PlyCount "82"]
[EventDate "2013.11.12"]

1. Nf3 f5 2. g3 Nf6 3. c4 g6 4. Bg2 Bg7 5. O-O O-O 6. Nc3 d6 7. d4 c6 8. b3 Na6
9. Bb2 Rb8 10. Rb1 b5 11. Nd2 Bd7 12. a3 e5 13. dxe5 dxe5 14. e4 Nc5 15. cxb5
cxb5 16. b4 Nd3 17. Nd5 Nxd5 18. Qb3 Nxb2 19. Qxd5+ Rf7 20. Rxb2 Qb6 21. Rc2
Be6 22. Qc6 Rd7 23. Qxb6 axb6 24. Rc6 Kf7 25. Nf3 Bf6 26. exf5 gxf5 27. h4 h6
28. Nh2 e4 29. Re1 Bd5 30. Rc2 Ra8 31. Bf1 Rxa3 32. Bxb5 Rda7 33. Rd1 Ra1 34.
Rxa1 Rxa1+ 35. Nf1 Rb1 36. Bc4 Ke6 37. Kg2 Bd4 38. b5 Bxc4 39. Rxc4 Kd5 40. Rc2
Rxb5 41. Rd2 Ke5 0-1

[Event "Wch Seniors 23rd 2013"]
[Site "Opatija"]
[Date "2013.11.12"]
[Round "1.2"]
[White "Hulak, Krunoslav"]
[Black "Vrhovnik, Damir"]
[Result "1-0"]
[WhiteElo "2473"]
[BlackElo "2108"]
[PlyCount "76"]
[EventDate "2013.11.12"]

1. d4 Nf6 2. c4 c5 3. d5 e6 4. Nc3 exd5 5. cxd5 d6 6. Nf3 g6 7. Nd2 a6 8. a4
Nbd7 9. e4 Bg7 10. Be2 O-O 11. O-O Qe7 12. Qc2 b6 13. Nc4 Rb8 14. f4 Re8 15.
Bf3 Qf8 16. Bd2 b5 17. Na5 b4 18. Nd1 Bb7 19. Re1 Nb6 20. Ne3 Nfd7 21. Nxb7
Rxb7 22. a5 Na8 23. Nc4 Rbb8 24. e5 dxe5 25. d6 Re6 26. Qd3 e4 27. Rxe4 Rxe4
28. Bxe4 Nf6 29. Bf3 Rd8 30. Be3 Nc7 31. Bxc5 Ne6 32. Be3 Bh6 33. g3 Bg7 34.
Rd1 Nd7 35. Bc6 Nec5 36. Qd5 Nb3 37. Ne5 Nxe5 38. fxe5 Nxa5 1-0

[Event "Wch Seniors 23rd 2013"]
[Site "Opatija"]
[Date "2013.11.12"]
[Round "1.3"]
[White "Hutchinson, Norman A"]
[Black "Vasiukov, Evgeni"]
[Result "0-1"]
[WhiteElo "2106"]
[BlackElo "2457"]
[PlyCount "62"]
[EventDate "2013.11.12"]

1. e4 c6 2. d4 d5 3. e5 Bf5 4. Nf3 e6 5. Be2 Na6 6. O-O Nc7 7. b3 Ne7 8. c4 Ng6
9. Be3 Be7 10. Nc3 f6 11. Qd2 O-O 12. Rad1 Bb4 13. exf6 gxf6 14. Bd3 Bg4 15.
Bxg6 hxg6 16. Bf4 Bxf3 17. gxf3 Ne8 18. Qd3 g5 19. Bg3 Ng7 20. f4 g4 21. f3
gxf3 22. Rxf3 Bxc3 23. Qxc3 Kf7 24. Re1 Nf5 25. Bf2 Rh8 26. Rh3 Qg8+ 27. Kh1
Qg4 28. Rxh8 Rxh8 29. cxd5 exd5 30. Qb4 Qf3+ 31. Kg1 Rxh2 0-1

[Event "Wch Seniors 23rd 2013"]
[Site "Opatija"]
[Date "2013.11.12"]
[Round "1.4"]
[White "Kupreichik, Viktor D"]
[Black "Gromark, Per-Olof"]
[Result "1-0"]
[WhiteElo "2454"]
[BlackElo "2102"]
[PlyCount "51"]
[EventDate "2013.11.12"]

1. e4 e5 2. Nf3 Nf6 3. Nxe5 d6 4. Nf3 Nxe4 5. c4 Nc6 6. Nc3 Nxc3 7. bxc3 g6 8.
d4 Bg7 9. Bg5 Qd7 10. Qd2 O-O 11. Be2 Re8 12. O-O b6 13. Rfe1 Ba6 14. Qf4 Ne7
15. Nd2 d5 16. Bg4 f5 17. Bf3 c6 18. Bxe7 Rxe7 19. Rxe7 Qxe7 20. cxd5 Re8 21.
h4 c5 22. d6 Qd7 23. Bd5+ Kh8 24. Nf3 cxd4 25. cxd4 Bf8 26. Ne5 1-0

[Event "Wch Seniors 23rd 2013"]
[Site "Opatija"]
[Date "2013.11.12"]
[Round "1.7"]
[White "Hedin, Gunnar"]
[Black "Cebalo, Miso"]
[Result "0-1"]
[WhiteElo "2100"]
[BlackElo "2415"]
[PlyCount "86"]
[EventDate "2013.11.12"]

1. d4 Nf6 2. c4 c5 3. d5 e6 4. Nc3 exd5 5. cxd5 d6 6. e4 g6 7. Nge2 Bg7 8. Ng3
a6 9. a4 h5 10. Be2 O-O 11. Bg5 Nbd7 12. O-O Qc7 13. Qd2 Nh7 14. Bh6 Ndf6 15.
Bxg7 Kxg7 16. h3 Bd7 17. f4 Rae8 18. Bf3 b5 19. axb5 axb5 20. Rfe1 b4 21. e5
dxe5 22. d6 bxc3 23. Qxc3 Qxd6 24. fxe5 Qd4+ 25. Qxd4 cxd4 26. exf6+ Nxf6 27.
b4 Bb5 28. Red1 d3 29. Ra5 Rb8 30. Rd2 Rfd8 31. Ra1 Rd4 32. Rb2 Nd7 33. Nf1 Ne5
34. Nd2 Rc8 35. Bd1 Nc4 36. Nxc4 Rcxc4 37. Rab1 Rf4 38. Bf3 Rc2 39. Bd1 Re2 40.
Kh2 Rf1 41. Rxe2 dxe2 42. Bxe2 Bxe2 43. Rb2 Bb5 0-1

[Event "Wch Seniors 23rd 2013"]
[Site "Opatija"]
[Date "2013.11.12"]
[Round "1.8"]
[White "Suba, Mihai"]
[Black "Danielsson, Robert"]
[Result "1-0"]
[WhiteElo "2413"]
[BlackElo "2098"]
[PlyCount "93"]
[EventDate "2013.11.12"]

1. c4 Nf6 2. Nc3 d5 3. cxd5 Nxd5 4. g3 c5 5. Bg2 Nc7 6. Nf3 Nc6 7. Qa4 Bd7 8.
Qe4 g6 9. Ne5 Bg7 10. Nxd7 Qxd7 11. O-O Rc8 12. a3 Ne6 13. Rb1 O-O 14. b4 b6
15. f4 cxb4 16. axb4 Ned4 17. e3 Nf5 18. Qd5 Qxd5 19. Nxd5 b5 20. Bb2 Bxb2 21.
Rxb2 Kg7 22. Rc1 e6 23. Nc3 Nce7 24. Rcc2 Nd6 25. Ra2 Rc7 26. Ra6 Nec8 27. Rca2
Rd8 28. Bc6 Nb6 29. Bxb5 Rxc3 30. dxc3 Nxb5 31. Rc2 Nc4 32. e4 Rd6 33. Rxd6
Nbxd6 34. e5 Nb5 35. Kf2 f6 36. exf6+ Kxf6 37. Ke2 e5 38. Kd3 Nbd6 39. fxe5+
Kxe5 40. Ra2 Kd5 41. Rxa7 h5 42. Rc7 Ne5+ 43. Kc2 Ke6 44. Kb3 Nf3 45. c4 Nxh2
46. c5 Ne4 47. b5 1-0

[Event "Wch Seniors 23rd 2013"]
[Site "Opatija"]
[Date "2013.11.12"]
[Round "1.9"]
[White "Gamboa, Anibal"]
[Black "Blechzin, Igor"]
[Result "0-1"]
[WhiteElo "2096"]
[BlackElo "2411"]
[PlyCount "76"]
[EventDate "2013.11.12"]

1. b3 c5 2. Bb2 Nf6 3. e3 g6 4. c4 Bg7 5. Nf3 O-O 6. Be2 Nc6 7. O-O d5 8. cxd5
Qxd5 9. Nc3 Qf5 10. Nh4 Qd7 11. Na4 b6 12. a3 Bb7 13. Rc1 Rad8 14. Bc3 Qe6 15.
f4 Ne4 16. f5 Qd6 17. Bxg7 Kxg7 18. d3 Nf6 19. Nb2 b5 20. Qc2 Qe5 21. Nd1 Nd4
22. exd4 Qxd4+ 23. Nf2 Qxh4 24. Qxc5 Qg5 25. g3 Rc8 26. Qxa7 Rxc1 27. Qxb7
Rxf1+ 28. Bxf1 Qxf5 29. Qxe7 Rc8 30. Qe1 Rc2 31. Qe3 Ra2 32. a4 bxa4 33. bxa4
Rxa4 34. h3 Nd5 35. Qd2 Qe5 36. Kh2 h5 37. h4 Rxh4+ 38. Bh3 Rb4 0-1

[Event "Wch Seniors 23rd 2013"]
[Site "Opatija"]
[Date "2013.11.12"]
[Round "1.10"]
[White "Kristiansen, Jens"]
[Black "Kurka, Dieter"]
[Result "1-0"]
[WhiteElo "2407"]
[BlackElo "2091"]
[PlyCount "51"]
[EventDate "2013.11.12"]

1. d4 d5 2. c4 e6 3. Nc3 Nf6 4. cxd5 exd5 5. Bg5 Be7 6. e3 Nbd7 7. Bd3 c6 8.
Qc2 O-O 9. Nf3 Re8 10. h3 Nf8 11. O-O Be6 12. Rab1 c5 13. dxc5 Bxc5 14. Rbd1 h6
15. Bh4 Be7 16. Nd4 Nh5 17. Bxe7 Qxe7 18. Nf5 Qd8 19. Qe2 Nf6 20. Qf3 a6 21.
Bc2 Qc7 22. Nxh6+ gxh6 23. Qxf6 Rad8 24. Qxh6 Qe5 25. Rd4 Rd6 26. Rfd1 1-0

[Event "Wch Seniors 23rd 2013"]
[Site "Opatija"]
[Date "2013.11.12"]
[Round "1.11"]
[White "Toefferl, Heimo"]
[Black "Rukavina, Josip"]
[Result "1/2-1/2"]
[WhiteElo "2089"]
[BlackElo "2405"]
[PlyCount "120"]
[EventDate "2013.11.12"]

1. d4 Nf6 2. c4 d6 3. Nc3 Nbd7 4. e4 e5 5. d5 Be7 6. Be2 Nc5 7. Qc2 a5 8. h3
O-O 9. Be3 b6 10. Nf3 Bd7 11. Nd2 Ne8 12. g4 Bg5 13. Nf1 g6 14. Qd2 Bxe3 15.
Qxe3 Ng7 16. Qh6 f5 17. gxf5 gxf5 18. Rg1 Qf6 19. Qxf6 Rxf6 20. exf5 Bxf5 21.
Rg3 Kh8 22. O-O-O Bg6 23. Ne3 Rxf2 24. Rdg1 Raf8 25. Ned1 R2f4 26. Rg4 Nh5 27.
Nb5 R8f7 28. Ne3 Rxg4 29. hxg4 Nf4 30. Kd2 Ne4+ 31. Ke1 Nxe2 32. Kxe2 Rf2+ 33.
Ke1 Rxb2 34. Rg2 Rb1+ 35. Ke2 Ra1 36. Kf3 Ng5+ 37. Kg3 Rh1 38. Nxc7 Rh3+ 39.
Kf2 Bd3 40. Nf5 Bxc4 41. Nxd6 Bxd5 42. Nxd5 Rd3 43. Nxb6 Rxd6 44. Nc4 Rd5 45.
Ke3 Rc5 46. Nd6 Rc3+ 47. Kd2 Ra3 48. Kc1 Ra4 49. Nf5 Kg8 50. Rc2 Kf7 51. Rd2
Ne4 52. Rd7+ Kf6 53. Rxh7 Rxa2 54. Rh6+ Kg5 55. Re6 Kf4 56. Ne7 Kxg4 57. Rxe5
Kf4 58. Nc6 a4 59. Ra5 Nc3 60. Nb4 Ne2+ 1/2-1/2

[Event "Wch Seniors 23rd 2013"]
[Site "Opatija"]
[Date "2013.11.12"]
[Round "1.12"]
[White "Mochalov, Evgeny V"]
[Black "Finnlaugsson, Gunnar"]
[Result "1-0"]
[WhiteElo "2404"]
[BlackElo "2082"]
[PlyCount "71"]
[EventDate "2013.11.12"]

1. d4 Nf6 2. c4 c5 3. d5 b5 4. cxb5 a6 5. bxa6 g6 6. Nf3 Bxa6 7. Nc3 d6 8. h3
Bg7 9. e4 Bxf1 10. Kxf1 O-O 11. Kg1 Nbd7 12. Kh2 Qc7 13. Re1 Rfb8 14. Re2 h6
15. Be3 Ne8 16. Rc1 Rb7 17. b3 Qb8 18. Nd2 Nc7 19. Kg1 Nb5 20. Nxb5 Rxb5 21.
Nc4 Kh7 22. Qd3 Rb7 23. Qd2 Rb4 24. Rc2 Nb6 25. Nxb6 Qxb6 26. Qd3 Qb7 27. Rc4
Qa6 28. e5 Rxc4 29. bxc4 Bxe5 30. Bxc5 Rc8 31. Qf3 Kg7 32. Rxe5 dxe5 33. Bxe7
Rxc4 34. d6 Rd4 35. Qf6+ Kg8 36. Bf8 1-0

[Event "Wch Seniors 23rd 2013"]
[Site "Opatija"]
[Date "2013.11.12"]
[Round "1.13"]
[White "Batakovs, Olegs"]
[Black "Chernikov, Oleg L"]
[Result "0-1"]
[WhiteElo "2075"]
[BlackElo "2400"]
[PlyCount "104"]
[EventDate "2013.11.12"]

1. e4 c5 2. Nf3 Nc6 3. d4 cxd4 4. Nxd4 Nf6 5. Nc3 Rb8 6. Be2 g6 7. Be3 Bg7 8.
O-O O-O 9. Qd2 d5 10. exd5 Nxd5 11. Nxd5 Nxd4 12. Bxd4 Qxd5 13. c3 Bxd4 14.
Qxd4 Qxd4 15. cxd4 Rd8 16. Rfd1 Be6 17. Bf3 Bd5 18. Kf1 Bxf3 19. gxf3 Rbc8 20.
Rd2 Kg7 21. f4 Rd5 22. Kg2 Rcd8 23. Rad1 R8d6 24. Kg3 Kf8 25. b3 Ke8 26. Kf3
Rf6 27. Re1 Rdf5 28. Re4 g5 29. Kg4 gxf4 30. Re5 e6 31. Rxf5 Rxf5 32. Rd3 h5+
33. Kf3 Rg5 34. h3 h4 35. Kxf4 Rg2 36. Rd2 Ke7 37. Kf3 Rg5 38. Ke4 Kd6 39. Kf4
Rg1 40. Ke4 f5+ 41. Kf4 Rh1 42. Rd3 Rf1 43. Rd2 Rh1 44. Rd3 Rh2 45. Rf3 Kd5 46.
Kg5 Kxd4 47. Kxh4 Rg2 48. Kh5 Ke5 49. Kh6 f4 50. h4 Ke4 51. Rc3 Rxf2 52. Kg5
Rg2+ 0-1

[Event "Wch Seniors 23rd 2013"]
[Site "Opatija"]
[Date "2013.11.12"]
[Round "1.15"]
[White "Chubar, Vladimir"]
[Black "Herzog, Adolf"]
[Result "0-1"]
[WhiteElo "2071"]
[BlackElo "2379"]
[PlyCount "48"]
[EventDate "2013.11.12"]

1. d4 d5 2. Nf3 Nf6 3. Bf4 c5 4. e3 Qb6 5. Nc3 e6 6. Bb5+ Bd7 7. Qe2 c4 8.
Bxd7+ Nbxd7 9. Nd1 Bb4+ 10. c3 Bd6 11. O-O O-O 12. Rb1 Qc7 13. g3 b5 14. Nd2 e5
15. dxe5 Bxe5 16. Bxe5 Nxe5 17. e4 Nd3 18. exd5 Nxd5 19. Qh5 Rad8 20. Ne3 Nxe3
21. fxe3 Qb6 22. Rf3 g6 23. Qh6 Ne5 24. Rf2 Rxd2 0-1

[Event "Wch Seniors 23rd 2013"]
[Site "Opatija"]
[Date "2013.11.12"]
[Round "1.16"]
[White "Karasev, Vladimir I"]
[Black "Zhukov, Viktor I"]
[Result "1/2-1/2"]
[WhiteElo "2377"]
[BlackElo "2069"]
[PlyCount "102"]
[EventDate "2013.11.12"]

1. Nf3 Nf6 2. g3 g6 3. Bg2 Bg7 4. O-O O-O 5. d3 c5 6. e4 d6 7. Nc3 Nc6 8. h3
Rb8 9. Be3 b5 10. Qd2 Re8 11. Bh6 Bh8 12. Nh4 b4 13. Ne2 Nd7 14. Rab1 Bb7 15.
f4 Qa5 16. Nc1 e6 17. f5 c4 18. dxc4 Qc5+ 19. Kh2 Qxc4 20. Qxd6 Nce5 21. Nd3
exf5 22. b3 Qxc2 23. Nxb4 Qc5 24. Qxc5 Nxc5 25. Be3 Nxe4 26. Bxa7 Nd2 27. Bxb8
Nxf1+ 28. Rxf1 Bxg2 29. Kxg2 Rxb8 30. Nd5 Bg7 31. Nf3 Nc6 32. Rc1 Na7 33. Rc7
Nb5 34. Rc8+ Rxc8 35. Ne7+ Kf8 36. Nxc8 Na3 37. Kf2 Ke8 38. Ke3 Kd7 39. Nb6+
Kc6 40. Na4 Nb5 41. Kd3 h6 42. b4 g5 43. Nc5 Kd5 44. a4 Nc7 45. Nb3 Na6 46. b5
Nc5+ 47. Nxc5 Kxc5 48. g4 f4 49. Ke4 Bf6 50. h4 gxh4 51. Kxf4 Bg5+ 1/2-1/2

[Event "Wch Seniors 23rd 2013"]
[Site "Opatija"]
[Date "2013.11.12"]
[Round "1.17"]
[White "Baeta, Marcio Netto"]
[Black "Pushkov, Nikolai"]
[Result "1-0"]
[WhiteElo "2068"]
[BlackElo "2371"]
[PlyCount "75"]
[EventDate "2013.11.12"]

1. d4 Nf6 2. c4 e6 3. Nc3 Bb4 4. Qb3 c5 5. Nf3 Nc6 6. e3 O-O 7. Bd3 d6 8. O-O
e5 9. Ne4 Ne8 10. a3 Ba5 11. dxe5 dxe5 12. Nxc5 Qe7 13. Qc2 f5 14. b4 Bb6 15.
Nd2 Bxc5 16. bxc5 Be6 17. Rb1 Rb8 18. Nb3 Nc7 19. Rd1 Na6 20. Bd2 e4 21. Be2
Rfd8 22. Bc3 Rxd1+ 23. Qxd1 Nxc5 24. Nxc5 Qxc5 25. Bb4 Nxb4 26. axb4 Qc7 27.
Qd4 b6 28. h4 Rc8 29. Rc1 Qe7 30. Qe5 Kf7 31. c5 Qf6 32. Qd6 Rd8 33. Qc6 bxc5
34. Rxc5 Qxh4 35. Re5 Re8 36. Bc4 Qf6 37. Rxe6 Rxe6 38. Qd7+ 1-0

[Event "Wch Seniors 23rd 2013"]
[Site "Opatija"]
[Date "2013.11.12"]
[Round "1.18"]
[White "Mishuchkov, Nikolai M"]
[Black "Taksrud, Vidar"]
[Result "1-0"]
[WhiteElo "2367"]
[BlackElo "2063"]
[PlyCount "127"]
[EventDate "2013.11.12"]

1. d4 Nf6 2. Nf3 e6 3. c4 c5 4. e3 Nc6 5. a3 d6 6. Nc3 Be7 7. Be2 O-O 8. O-O
Bd7 9. h3 a6 10. Rb1 Rc8 11. b4 b6 12. bxc5 bxc5 13. d5 Na5 14. e4 exd5 15.
cxd5 c4 16. Be3 Rb8 17. Rb4 Qc7 18. Nd2 Rfc8 19. Qc2 Be8 20. Rfb1 Nd7 21. Bd4
Rxb4 22. axb4 Nb3 23. Nxb3 cxb3 24. Rxb3 a5 25. b5 a4 26. Ra3 Nb6 27. Qa2 f5
28. exf5 Bf7 29. Bf3 Bf6 30. Bxf6 gxf6 31. Nxa4 Qc1+ 32. Kh2 Rc2 33. Qb3 Qf4+
34. Kg1 Rc1+ 35. Bd1 Bxd5 36. Qg3+ Qxg3 37. Rxg3+ Kf8 38. Nxb6 Rxd1+ 39. Kh2
Be4 40. Rg4 Bxf5 41. Rf4 Be6 42. Rxf6+ Ke7 43. Rh6 Bf5 44. Rh4 Rb1 45. Nd5+ Ke6
46. Nb4 d5 47. b6 Be4 48. f3 Rxb4 49. fxe4 d4 50. Rxh7 d3 51. Rh8 Ke7 52. Rh5
Rxb6 53. Ra5 Ke6 54. Kg3 Rd6 55. Ra1 Ke5 56. Kf2 Kd4 57. e5 Re6 58. Ra5 Kc3 59.
Ke3 Rg6 60. Rc5+ Kb4 61. Rd5 Rg3+ 62. Kf4 Kc4 63. Kxg3 Kxd5 64. Kf2 1-0

[Event "Wch Seniors 23rd 2013"]
[Site "Opatija"]
[Date "2013.11.12"]
[Round "1.19"]
[White "Andersson, Kaj"]
[Black "Shvedchikov, Anatoli I"]
[Result "0-1"]
[WhiteElo "2062"]
[BlackElo "2363"]
[PlyCount "108"]
[EventDate "2013.11.12"]

1. e4 c5 2. Nf3 Nc6 3. d4 cxd4 4. Nxd4 g6 5. Be3 Nf6 6. Nc3 Bg7 7. Bc4 d6 8. f3
O-O 9. Qd2 Bd7 10. O-O Ne5 11. Bb3 Rc8 12. Rad1 a6 13. Qf2 Nc4 14. Bxc4 Rxc4
15. Rd2 b5 16. Nb3 b4 17. Ne2 Qb8 18. c3 Rfc8 19. Ba7 Qb5 20. Qb6 R4c7 21. cxb4
Bh6 22. Nc3 Qxb6+ 23. Bxb6 Bxd2 24. Nxd2 Rb7 25. Ba5 Be6 26. Rd1 Nd7 27. Kf2
Ne5 28. Nd5 Bxd5 29. exd5 Nd3+ 30. Ke3 Nxb2 31. Rb1 Rc3+ 32. Ke2 Rc2 33. Ke3
Rc3+ 34. Ke2 Ra3 35. Rxb2 Rxa5 36. Kd3 Rxd5+ 37. Kc4 e6 38. a4 Rc7+ 39. Kb3 f5
40. Nb1 Rd3+ 41. Ka2 Kf7 42. Na3 Ke7 43. b5 axb5 44. axb5 Ra7 45. Rb3 Rxb3 46.
Kxb3 Kd7 47. Kb4 Kc7 48. Nc4 Ra1 49. Na3 Ra2 50. Nc4 Rxg2 51. b6+ Kc6 52. Ka5
Kc5 53. Ka6 Kxc4 54. b7 Rb2 0-1

[Event "Wch Seniors 23rd 2013"]
[Site "Opatija"]
[Date "2013.11.12"]
[Round "1.20"]
[White "Pritchett, Craig W"]
[Black "Chirinos, Cleren"]
[Result "1/2-1/2"]
[WhiteElo "2359"]
[BlackElo "2059"]
[PlyCount "245"]
[EventDate "2013.11.12"]

1. Nf3 Nf6 2. c4 c5 3. Nc3 Nc6 4. d4 cxd4 5. Nxd4 g6 6. e4 Qa5 7. Nb3 Qd8 8.
Be2 Bg7 9. O-O d6 10. Be3 O-O 11. Rc1 b6 12. Qd2 Re8 13. f3 Ba6 14. Rfd1 Qc8
15. Nb5 Nd7 16. N3d4 Nf8 17. b4 Bb7 18. a3 Nxd4 19. Bxd4 Bxd4+ 20. Qxd4 Ne6 21.
Qe3 Qb8 22. Nc3 Bc6 23. f4 Ng7 24. f5 gxf5 25. exf5 Kh8 26. Bd3 f6 27. Be4 Bxe4
28. Qxe4 a5 29. Nb5 axb4 30. axb4 Ra2 31. Nc3 Qa8 32. Qxa8 Raxa8 33. Nd5 Nxf5
34. Nc7 Rac8 35. Nxe8 Rxe8 36. Rd5 e5 37. Kf2 Ra8 38. Rc2 h5 39. Rb2 Rc8 40.
Rb5 Rc6 41. c5 dxc5 42. bxc5 bxc5 43. Rb6 Rxb6 44. Rxb6 Kg7 45. Rc6 Kg6 46.
Rxc5 h4 47. Rc8 Nd6 48. Rg8+ Kf5 49. Rh8 Kg5 50. Rd8 Ne4+ 51. Ke3 f5 52. Rg8+
Kf6 53. Rf8+ Kg5 54. Rg8+ Kf6 55. Rd8 Kg5 56. Kf3 Nf6 57. g3 e4+ 58. Ke2 hxg3
59. hxg3 f4 60. gxf4+ Kxf4 61. Rf8 Ke5 62. Ra8 Nd5 63. Re8+ Kd4 64. Kd2 e3+ 65.
Ke2 Nc3+ 66. Kf3 e2 67. Rd8+ Kc4 68. Kf2 Kb3 69. Ke1 Kc2 70. Rd2+ Kc1 71. Rd3
Kc2 72. Re3 Nd5 73. Rxe2+ Kd3 74. Re8 Nc3 75. Kf2 Ne4+ 76. Kf3 Nd2+ 77. Kf4 Nc4
78. Rd8+ Kc3 79. Rd7 Nd2 80. Ke3 Nc4+ 81. Ke2 Ne5 82. Rd5 Nc4 83. Rd3+ Kb4 84.
Rh3 Kc5 85. Kd3 Ne5+ 86. Ke4 Nc6 87. Rh6 Nb4 88. Rh5+ Kc4 89. Rh2 Kc3 90. Rh8
Nc2 91. Ra8 Nb4 92. Rc8+ Kd2 93. Rc4 Nc2 94. Rc8 Nb4 95. Rc7 Nc2 96. Rc4 Ne1
97. Rd4+ Kc3 98. Rd1 Nc2 99. Rd8 Nb4 100. Rg8 Nc2 101. Rg3+ Kc4 102. Rg7 Kc3
103. Rc7+ Kd2 104. Rc4 Ne1 105. Ra4 Nc2 106. Ra2 Kc3 107. Ra6 Nb4 108. Rd6 Nc2
109. Rd3+ Kc4 110. Rd2 Kc3 111. Rd1 Nb4 112. Kf3 Nc2 113. Rd8 Nd4+ 114. Ke4 Nc2
115. Rd6 Nb4 116. Rb6 Kc4 117. Rb8 Kc3 118. Ke3 Nd5+ 119. Ke2 Nb4 120. Kd1 Nd5
121. Rc8+ Kd3 122. Rd8 Ke4 123. Rxd5 1/2-1/2

[Event "Wch Seniors 23rd 2013"]
[Site "Opatija"]
[Date "2013.11.12"]
[Round "1.21"]
[White "Davydov, Mihail"]
[Black "Berkovich, Mark A"]
[Result "0-1"]
[WhiteElo "2058"]
[BlackElo "2357"]
[PlyCount "62"]
[EventDate "2013.11.12"]

1. e4 e5 2. Nf3 Nc6 3. d4 exd4 4. Nxd4 Nf6 5. Nxc6 bxc6 6. e5 Qe7 7. Qe2 Nd5 8.
c4 Nb6 9. b3 Qe6 10. Bb2 a5 11. g3 a4 12. Bg2 Bb4+ 13. Kf1 O-O 14. f4 Ba6 15.
Nd2 a3 16. Bd4 d5 17. exd6 Qxd6 18. Nf3 Rfe8 19. Qc2 f6 20. Kf2 Qe7 21. Rhe1
Bxe1+ 22. Rxe1 Qf7 23. Rd1 Rad8 24. Bc5 Rxd1 25. Qxd1 Nxc4 26. Nd4 Nb2 27. Qc2
Nd3+ 28. Kg1 Re1+ 29. Bf1 Nxc5 30. Qxc5 Rxf1+ 31. Kg2 Qd5+ 0-1

[Event "Wch Seniors 23rd 2013"]
[Site "Opatija"]
[Date "2013.11.12"]
[Round "1.22"]
[White "Barle, Janez"]
[Black "Koryabkin, Valery"]
[Result "1-0"]
[WhiteElo "2356"]
[BlackElo "2057"]
[PlyCount "77"]
[EventDate "2013.11.12"]

1. e4 c5 2. Nf3 e6 3. g3 d5 4. exd5 exd5 5. Bg2 Nf6 6. O-O Be7 7. d4 O-O 8.
dxc5 Bxc5 9. Bg5 Be6 10. Nd4 h6 11. Be3 Bg4 12. Qd3 Qd7 13. Nc3 Na6 14. a3 Rac8
15. Rfe1 Rfd8 16. Qf1 Re8 17. h3 Bh5 18. g4 Bg6 19. Red1 Nc7 20. Rd2 Ne4 21.
Nxe4 Bxe4 22. Rad1 a6 23. Bxe4 Rxe4 24. Nf5 Qc6 25. Bd4 Bxd4 26. Nxd4 Qg6 27.
Nf5 h5 28. f3 Re6 29. c4 hxg4 30. hxg4 Re5 31. Rh2 Rxf5 32. Qh3 Kf8 33. Qh8+
Ke7 34. Qxc8 Qb6+ 35. Kh1 Rxf3 36. Re1+ Kf6 37. Qd8+ Kg6 38. Qh8 Ne6 39. Rxe6+
1-0

[Event "Wch Seniors 23rd 2013"]
[Site "Opatija"]
[Date "2013.11.12"]
[Round "1.23"]
[White "Bondar, Leonid"]
[Black "Giffard, Nicolas"]
[Result "1/2-1/2"]
[WhiteElo "2049"]
[BlackElo "2348"]
[PlyCount "104"]
[EventDate "2013.11.12"]

1. e4 c5 2. Nf3 e6 3. d4 cxd4 4. Nxd4 Nf6 5. Bd3 Nc6 6. Be3 Ne5 7. O-O Be7 8.
Nc3 Nxd3 9. cxd3 d6 10. Nc2 O-O 11. d4 Bd7 12. Bg5 Nxe4 13. Bxe7 Nxc3 14. Bxd8
Nxd1 15. Be7 Rfe8 16. Bxd6 Nxb2 17. Rfb1 Nc4 18. Rxb7 Ba4 19. Rb4 Nb6 20. Ne3
Bc6 21. Rab1 Rec8 22. a3 f6 23. f3 Be8 24. Kf2 Rc6 25. Bc5 Nd7 26. Rc4 Rc7 27.
Rbc1 Rb8 28. Bb4 Rcb7 29. Rc7 Nb6 30. f4 Bg6 31. g4 Be4 32. h4 Rxc7 33. Rxc7
Rb7 34. Rxb7 Bxb7 35. Bc5 Ba6 36. Kf3 Kf7 37. f5 Bd3 38. Kf4 g6 39. fxg6+ Kxg6
40. a4 Nxa4 41. Bxa7 Nc3 42. Bc5 Ba6 43. Nc2 Bb7 44. Nb4 Ne4 45. Bb6 h5 46. Nd3
Nc3 47. Kg3 hxg4 48. Kxg4 f5+ 49. Kg3 Ne4+ 50. Kf4 Nf6 51. Bd8 Nh5+ 52. Ke5 Kf7
1/2-1/2

[Event "Wch Seniors 23rd 2013"]
[Site "Opatija"]
[Date "2013.11.12"]
[Round "1.24"]
[White "Van Riemsdijk, Herman C"]
[Black "Pfitzer, Norbert"]
[Result "1-0"]
[WhiteElo "2347"]
[BlackElo "2047"]
[PlyCount "79"]
[EventDate "2013.11.12"]

1. e4 d6 2. d4 Nf6 3. Nc3 g6 4. Nf3 Bg7 5. Be2 c5 6. d5 Nbd7 7. O-O O-O 8. Re1
a6 9. a4 b6 10. Bf4 Bb7 11. Nd2 Ne5 12. Bg3 Qd7 13. h3 Qc7 14. f4 Ned7 15. Nc4
Ne8 16. e5 f5 17. Bf3 dxe5 18. fxe5 f4 19. d6 exd6 20. exd6 Bd4+ 21. Qxd4 cxd4
22. dxc7 Bxf3 23. gxf3 dxc3 24. Rad1 b5 25. Rxd7 bxc4 26. Bf2 Nf6 27. Rd4 cxb2
28. Rxc4 Nd5 29. Rc5 Ne3 30. Rb1 Rac8 31. Rxb2 Nd1 32. Rb6 Rf7 33. Rb8 Rff8 34.
Rxc8 Rxc8 35. Bd4 Kf7 36. Kf1 Ke6 37. Ke2 Ne3 38. Bxe3 fxe3 39. Kxe3 Kd6 40.
Kd4 1-0

[Event "Wch Seniors 23rd 2013"]
[Site "Opatija"]
[Date "2013.11.12"]
[Round "1.25"]
[White "Karabut, Vladimir"]
[Black "Stepovoj, Vladimir"]
[Result "0-1"]
[WhiteElo "2044"]
[BlackElo "2345"]
[PlyCount "52"]
[EventDate "2013.11.12"]

1. f4 d5 2. d4 c5 3. e3 Nf6 4. Nf3 Nc6 5. c3 cxd4 6. exd4 Bf5 7. Bd3 e6 8. O-O
Be7 9. Qc2 Qc8 10. Nbd2 O-O 11. Ne5 Nxd4 12. cxd4 Qxc2 13. Bxc2 Bxc2 14. Ndf3
Rac8 15. Ne1 Be4 16. Bd2 Rc7 17. N1f3 Rfc8 18. Rac1 Ne8 19. Rxc7 Rxc7 20. Rc1
Rxc1+ 21. Bxc1 f6 22. Ng4 Bxf3 23. gxf3 Nd6 24. b3 Nf5 25. Bb2 Bd6 26. Ne3 Nxe3
0-1

[Event "Wch Seniors 23rd 2013"]
[Site "Opatija"]
[Date "2013.11.12"]
[Round "1.26"]
[White "Sloth, Jorn"]
[Black "Benson, Lachlan"]
[Result "1-0"]
[WhiteElo "2338"]
[BlackElo "2039"]
[PlyCount "42"]
[EventDate "2013.11.12"]

1. c4 Nf6 2. Nf3 d5 3. cxd5 Nxd5 4. d4 e6 5. e4 Nf6 6. Nc3 Be7 7. Bd3 O-O 8.
O-O b6 9. e5 Nd5 10. Qc2 h6 11. Nxd5 exd5 12. Re1 c5 13. Qe2 Nc6 14. Bb1 Bg5
15. Nxg5 hxg5 16. Qh5 g6 17. Qh6 Qe7 18. Bxg5 f6 19. Qxg6+ Qg7 20. Bh6 Qxg6 21.
Bxg6 Nxd4 1-0

[Event "Wch Seniors 23rd 2013"]
[Site "Opatija"]
[Date "2013.11.12"]
[Round "1.27"]
[White "Doubleday, William G"]
[Black "Chernov, Evgen"]
[Result "0-1"]
[WhiteElo "2037"]
[BlackElo "2325"]
[PlyCount "52"]
[EventDate "2013.11.12"]

1. d4 Nf6 2. c4 c5 3. d5 e6 4. Nc3 d6 5. e4 g6 6. Nf3 Bg7 7. Bd3 O-O 8. O-O
exd5 9. exd5 Bg4 10. h3 Bxf3 11. Qxf3 Nbd7 12. Bf4 Ne5 13. Qd1 Nfd7 14. Qc2
Nxd3 15. Qxd3 Ne5 16. Bxe5 Bxe5 17. Rab1 a6 18. Rfc1 Qh4 19. Ne2 b5 20. b4 Rfc8
21. bxc5 Rxc5 22. cxb5 Rxc1+ 23. Rxc1 axb5 24. Qxb5 Rxa2 25. Kf1 Bd4 26. Nxd4
Qxf2# 0-1

[Event "Wch Seniors 23rd 2013"]
[Site "Opatija"]
[Date "2013.11.12"]
[Round "1.28"]
[White "Wahlbom, Magnus"]
[Black "Catania, Duane"]
[Result "1-0"]
[WhiteElo "2304"]
[BlackElo "2029"]
[PlyCount "71"]
[EventDate "2013.11.12"]

1. d4 e6 2. c4 b6 3. Nc3 Bb4 4. Nf3 Bb7 5. e3 Nf6 6. Bd3 Ne4 7. O-O Bxc3 8.
bxc3 f5 9. Qc2 O-O 10. Nd2 Nf6 11. f3 Qe8 12. Ba3 d6 13. c5 dxc5 14. dxc5 Rf7
15. Rae1 Rd7 16. Nb3 Nc6 17. Nd4 Ne5 18. Bb5 c6 19. Be2 bxc5 20. Bxc5 Rd5 21.
Ba3 c5 22. Nb5 Qc8 23. c4 Rd8 24. Rd1 Qc6 25. Nxa7 Qb6 26. Nb5 Bc6 27. Rxd8+
Rxd8 28. Rd1 Rxd1+ 29. Qxd1 Qa5 30. Bxc5 Qxa2 31. Qd6 Kf7 32. Nd4 Qb1+ 33. Bf1
Nxc4 34. Qxe6+ Kg6 35. Qxc4 Nd5 36. Nxc6 1-0

[Event "Wch Seniors 23rd 2013"]
[Site "Opatija"]
[Date "2013.11.12"]
[Round "1.29"]
[White "Krstic, Slobodan"]
[Black "Shevelev, Arkady"]
[Result "0-1"]
[WhiteElo "2027"]
[BlackElo "2302"]
[PlyCount "62"]
[EventDate "2013.11.12"]

1. e4 c6 2. d4 d5 3. e5 Bf5 4. g4 Be4 5. f3 Bg6 6. Ne2 e6 7. Nf4 Be7 8. Nxg6
hxg6 9. Bd3 c5 10. Bb5+ Nc6 11. Qe2 cxd4 12. a3 Rc8 13. O-O Qc7 14. f4 Bc5 15.
Bd3 Nge7 16. Nd2 a6 17. Nf3 Ba7 18. Bd2 Na5 19. b3 Nc4 20. Kg2 Ne3+ 21. Bxe3
dxe3 22. c4 Qc6 23. Rac1 d4 24. Kg3 Qd7 25. h4 Nc6 26. Ng5 Bb8 27. Rh1 Qc7 28.
Qf3 Qa5 29. Ra1 Qd2 30. Rad1 Qb2 31. Qe4 Qf2+ 0-1